000 00475nam a22001457a 4500
999 _c12378
_d12378
008 190123b ||||| |||| 00| 0 eng d
020 _a971-23-1440
082 _21988
_aDFil.796.07
_bAn248
100 _aAndin, Carmen T.
_934914
245 _aTeaching physical education in Philippines schools
260 _aManila :
_bRex Book Store
_c©1988
300 _avi, 216 pages :
_billustrated ;
_c23 cm
650 _aPhysical education
_xstudy and teaching
_934930
942 _2ddc
_cDFIL